[Event "Wch U16"]
[Site "Montesilvano"]
[Date "2023.11.22"]
[Round "9"]
[White "Skreko, Igor1"]
[Black "Okabe, Yuma"]
[Result "1-0"]
[WhiteElo "2187"]
[BlackElo "1862"]
[PlyCount "91"]
[EventDate "2023.11.13"]
[EventType "swiss"]
[EventRounds "11"]
[EventCountry "ITA"]
[SourceTitle "CB48_2023"]
[SourceDate "2023.11.29"]
[SourceVersion "1"]
[SourceVersionDate "2023.11.29"]
[SourceQuality "1"]

1. d4 Nf6 2. c4 g6 3. Nc3 Bg7 4. e4 d6 5. h3 0-0 6. Be3 e5 7. d5 Na6 8. g4 c6 9. Nge2 h5 10. g5 Nh7 11. Qd2 cxd5 12. cxd5 Bd7 13. Nc1 Nc5 14. Nd3 Qa5 15. Nxc5 dxc5 16. Nb5 Qxd2+ 17. Kxd2 Bxb5 18. Bxb5 a6 19. Be2 f5 20. f3 Rfc8 21. h4 b5 22. Rhc1 Bf8 23. b3 Be7 24. a4 b4 25. Rc2 Nf8 26. Rac1 Nd7 27. Bf1 Rc7 28. Bh3 Rf8 29. Bf1 Ra8 30. Bd3 Bf8 31. exf5 Nb6 32. Bxc5 Nxd5 33. Bxf8 Rxc2+ 34. Rxc2 Kxf8 35. fxg6 Rd8 36. Be4 Nc3+ 37. Ke3 Rd4 38. Rd2 Nd1+ 39. Ke2 Nc3+ 40. Ke1 Rxd2 41. Kxd2 Kg7 42. Kd3 a5 43. Kc4 Kf8 44. Kc5 Ke7 45. Kb6 Ne2 46. Kxa5 1-0

[Event "Asia-ch U20"]
[Site "Tagaytay City"]
[Date "2022.11.22"]
[Round "6"]
[White "Co, Ronell Jose"]
[Black "Okabe, Yuma"]
[Result "0-1"]
[WhiteElo "1072"]
[BlackElo "1769"]
[PlyCount "88"]
[EventDate "2022.11.19"]
[EventType "swiss"]
[EventRounds "9"]
[EventCountry "PHI"]
[SourceTitle "CBM 211 Extra"]
[Source "ChessBase"]
[SourceDate "2023.01.31"]
[SourceVersion "1"]
[SourceVersionDate "2023.01.31"]
[SourceQuality "1"]

1. e4 e5 2. Nf3 Nc6 3. Bc4 Bc5 4. c3 Nf6 5. d4 exd4 6. cxd4 Bb4+ 7. Nc3 Nxe4 8. 0-0 Bxc3 9. d5 Bf6 10. dxc6 bxc6 11. Re1 0-0 12. Rxe4 d5 13. Re1 dxc4 14. Qc2 Qd3 15. Qxd3 cxd3 16. Rd1 Bf5 17. h3 Rab8 18. g4 Bg6 19. Rd2 h6 20. a4 Rfd8 21. Ne1 Bg5 22. Rd1 d2 23. Bxd2 Bxd2 24. Nf3 Rxb2 25. Nxd2 Rdxd2 26. Rxd2 Rxd2 27. Kg2 c5 28. Rc1 Rd5 29. Kg3 Bd3 30. Kf4 c4 31. Ke3 g5 32. f4 Kg7 33. f5 c5 34. Rc3 Re5+ 35. Kd2 Re2+ 36. Kd1 Rh2 37. Ke1 Kf6 38. Rc1 Ke5 39. Rd1 Ke4 40. Rd2 Rxh3 41. Rg2 c3 42. Rg1 Ke3 43. Kd1 c2+ 44. Kc1 Kf2 0-1